[Event "Online Olym Div3 A 2020"]
[Site "chess.com INT"]
[Date "2020.07.07"]
[Round "2.3"]
[Board "3"]
[White "Seo, Jiwon"]
[Black "Lin, Ze Jun"]
[Result "0-1"]
[WhiteElo "1407"]
[BlackElo "1512"]
[WhiteTeam "South Korea"]
[BlackTeam "Hong Kong"]
[WhiteFideId "13208969"]
[BlackFideId "6005861"]
[EventDate "2020.07.07"]
[EventType "team"]

1. e4 c5 2. Nf3 Nc6 3. d4 cxd4 4. Nxd4 Qc7 5. Nc3 e6 6. Bc4 Nf6 7. O-O Be7 8.
Ndb5 Qb8 9. Bd3 O-O 10. Re1 a6 11. Na3 b5 12. Ne2 Bb7 13. Ng3 b4 14. Nc4 Qc7 15.
e5 Nd5 16. Qg4 f5 17. exf6 Nxf6 18. Qh3 g6 19. Bg5 Nd5 20. Ne4 Rf7 21. Bxe7
Ncxe7 22. Ng5 Nf4 23. Qg3 Nf5 24. Bxf5 Rxf5 25. Ne3 Rff8 26. h4 Rac8 27. Qg4 a5
28. b3 Qc3 29. Rad1 Qg7 30. Nc4 Bd5 31. g3 Nh5 32. Ne5 d6 33. Nc4 Bxc4 34. bxc4
d5 35. Nxe6 Qf7 36. Nxf8 Rxf8 37. Rf1 dxc4 38. Rd7 Qf6 39. Qxc4+ Kh8 40. Rdd1
Qf5 41. g4 Qf3 42. Qd4+ Nf6 43. Qe5 Qxg4+ 44. Qg3 Qe4 45. Rc1 Nh5 46. Qh3 Nf4
47. Qg3 Ne2+ 48. Kh2 Nxg3 49. fxg3 Qe2+ 50. Kh3 Rxf1 51. Rxf1 Qxf1+ 52. Kg4 Qf5# 0-1

[Event "Online Olym Div3 A 2020"]
[Site "chess.com INT"]
[Date "2020.07.07"]
[Round "2.3"]
[Board "5"]
[White "Noh, Jinwoo"]
[Black "Kwong, Wing Ki"]
[Result "0-1"]
[WhiteElo "1476"]
[BlackElo "1876"]
[WhiteTeam "South Korea"]
[BlackTeam "Hong Kong"]
[WhiteFideId "13211307"]
[BlackFideId "6002013"]
[EventDate "2020.07.07"]
[EventType "team"]

1. e4 c5 2. Nf3 d6 3. d4 cxd4 4. Nxd4 Nf6 5. Nc3 Nc6 6. Be3 e6 7. Be2 Be7 8. O-O
O-O 9. Bf3 Ne5 10. Qe2 Nxf3+ 11. Qxf3 a6 12. Rad1 Qc7 13. Nb3 Rb8 14. Rd2 b5 15.
Qe2 b4 16. Na4 Qc6 17. e5 Ne4 18. exd6 Bxd6 19. Rxd6 Nxd6 20. Nac5 e5 21. Rd1
Nf5 22. Bc1 Re8 23. h3 a5 24. Be3 Nxe3 25. Qxe3 a4 26. Nd2 Bf5 27. g4 Bxc2 28.
Rc1 Bg6 29. Nf3 Qd5 30. b3 axb3 31. Nxb3 Rbd8 32. Rc5 Qd1+ 33. Kg2 Rd3 34. Rc1
Rxe3 35. Rxd1 Re2 36. Nfd2 Bc2 37. Rc1 Bxb3 38. Nxb3 Rxa2 39. Rc4 Rb8 40. Re4 f6
41. Re1 Ra3 42. Nc5 b3 43. Rb1 b2 44. Nd7 Ra1 45. Rxa1 bxa1=Q 46. Nxb8 Qa8+ 47.
Kg3 Qxb8 48. Kf3 Qb3+ 49. Kg2 Kf7 50. h4 e4 51. g5 Qf3+ 52. Kg1 fxg5 53. hxg5
Kg6 54. Kf1 e3 55. Kg1 exf2+ 56. Kf1 Qe3 57. Kg2 Qe2 58. Kh3 f1=Q+ 59. Kh4 Qf4+
60. Kh3 Qeh2# 0-1

[Event "Online Olym Div3 A 2020"]
[Site "chess.com INT"]
[Date "2020.07.07"]
[Round "2.3"]
[Board "6"]
[White "Huang, Yuen Tung"]
[Black "Khanyl, Chuluuntuya"]
[Result "0-1"]
[WhiteElo "1309"]
[BlackElo "1428"]
[WhiteTeam "Hong Kong"]
[BlackTeam "South Korea"]
[WhiteFideId "6004202"]
[BlackFideId "4907485"]
[EventDate "2020.07.07"]
[EventType "team"]

1. e4 e6 2. d4 d5 3. Nd2 Nf6 4. e5 Nfd7 5. Ngf3 c5 6. c3 Nc6 7. Be2 f6 8. O-O
fxe5 9. dxe5 Ndxe5 10. Bb5 Ng6 11. Bxc6+ bxc6 12. Re1 Be7 13. c4 O-O 14. Nf1 Bd6
15. Ne3 d4 16. Ng4 Bd7 17. Nge5 Nxe5 18. Nxe5 Bxe5 19. Rxe5 Rxf2 20. Kxf2 Qf6+
21. Kg1 Qxe5 22. Bd2 Rf8 23. Qe1 Qf5 24. Rc1 e5 25. Qe2 e4 26. Rf1 Qe5 27. Rxf8+
Kxf8 28. Qf2+ Kg8 29. Qe2 e3 30. Be1 Bf5 31. Bg3 Qe4 32. h3 d3 33. Qd1 d2 34.
Be1 dxe1=Q+ 35. Qxe1 Qd4 36. Qe2 Bd3 37. Qe1 e2+ 38. Kh2 Qf4+ 39. Kg1 Qf1+ 40.
Qxf1 exf1=Q+ 41. Kh2 Be4 42. b3 Qxg2# 0-1

[Event "Online Olym Div3 A 2020"]
[Site "chess.com INT"]
[Date "2020.07.07"]
[Round "2.4"]
[Board "1"]
[White "Tran, Thanh Tu"]
[Black "Hamad, Ahmad"]
[Result "1-0"]
[WhiteTitle "CM"]
[BlackTitle "FM"]
[WhiteElo "2346"]
[BlackElo "2207"]
[WhiteTeam "Japan"]
[BlackTeam "Syria"]
[WhiteFideId "12401404"]
[BlackFideId "7600364"]
[EventDate "2020.07.07"]
[EventType "team"]

1. Nf3 g6 2. d4 Bg7 3. Bf4 d6 4. e3 Nd7 5. c3 e5 6. dxe5 dxe5 7. Bg5 f6 8. Bh4
Nh6 9. Bc4 Qe7 10. Nbd2 Nf5 11. Bg3 Nd6 12. Bb3 Nc5 13. O-O Nxb3 14. axb3 Be6
15. Qe2 a6 16. e4 Qf7 17. c4 O-O 18. Rfe1 Rfd8 19. h3 Bf8 20. Rac1 Nc8 21. Nb1
Na7 22. Nc3 b5 23. Nd5 c6 24. Ne3 Bc5 25. cxb5 Bxe3 26. Qxe3 cxb5 27. Qb6 Rab8
28. Qxa6 Bxb3 29. Qa5 Rd7 30. Bxe5 Rbd8 31. Bc7 Rc8 32. Bb6 Bc4 33. e5 Nc6 34.
Qa6 Re8 35. b3 Nb8 36. Qa1 Bxb3 37. exf6 Rxe1+ 38. Rxe1 Bd5 39. Ne5 Qxf6 40.
Nxd7 Nxd7 41. Bd4 Qg5 42. f3 Bxf3 43. Qb2 Bc6 44. Qf2 Qd5 45. Re8+ 1-0

[Event "Online Olym Div3 A 2020"]
[Site "chess.com INT"]
[Date "2020.07.07"]
[Round "2.4"]
[Board "2"]
[White "Hilwani, Talal"]
[Black "Watanabe, Akira"]
[Result "1-0"]
[BlackTitle "FM"]
[WhiteElo "2274"]
[BlackElo "2284"]
[WhiteTeam "Syria"]
[BlackTeam "Japan"]
[WhiteFideId "7600410"]
[BlackFideId "7000227"]
[EventDate "2020.07.07"]
[EventType "team"]

1. Nf3 Nf6 2. c4 g6 3. g3 Bg7 4. Bg2 O-O 5. O-O d6 6. Nc3 e5 7. d3 Nc6 8. Rb1
Nh5 9. b4 f5 10. b5 Ne7 11. Qb3 Kh8 12. Bg5 h6 13. Bxe7 Qxe7 14. a4 Nf6 15. a5
e4 16. Nd4 Bd7 17. a6 bxa6 18. bxa6 c5 19. Nc2 Bc6 20. Ne3 Nd7 21. Ned5 Qe5 22.
dxe4 Rab8 23. Qc2 Bxd5 24. Nxd5 Rxb1 25. Rxb1 fxe4 26. Qxe4 Qxe4 27. Bxe4 Ne5
28. Rb7 Nxc4 29. Rxa7 Ne5 30. Rc7 1-0

[Event "Online Olym Div3 A 2020"]
[Site "chess.com INT"]
[Date "2020.07.07"]
[Round "2.4"]
[Board "3"]
[White "Sakai, Azumi"]
[Black "Mahmoud, Roula"]
[Result "1-0"]
[WhiteTitle "WCM"]
[BlackTitle "WFM"]
[WhiteElo "1731"]
[BlackElo "1771"]
[WhiteTeam "Japan"]
[BlackTeam "Syria"]
[WhiteFideId "7001800"]
[BlackFideId "7601263"]
[EventDate "2020.07.07"]
[EventType "team"]

1. d4 Nf6 2. c4 g6 3. Nc3 Bg7 4. e4 d6 5. Nf3 O-O 6. Be2 c6 7. O-O a6 8. Be3 b5
9. cxb5 axb5 10. a3 Bb7 11. Nd2 Nbd7 12. Rc1 Ne8 13. f4 f5 14. e5 dxe5 15. dxe5
e6 16. Bf3 Nc7 17. Nb3 Qc8 18. Qe2 b4 19. axb4 Ba6 20. b5 Nxb5 21. Qd2 Nxc3 22.
Rxc3 Bxf1 23. Bxc6 Nxe5 24. fxe5 Qa6 25. Bxa8 Rxa8 26. Nc5 Qa1 27. Rc1 Qa2 28.
Kxf1 h5 29. Bd4 Qd5 30. Qc3 Rd8 31. Bf2 Bxe5 32. Qb3 Qxb3 33. Nxb3 Bxb2 34. Rb1
Bf6 35. Nc5 e5 36. Ke2 e4 37. Rb6 Bg5 38. Rxg6+ Kf7 39. Rxg5 Kf6 40. Rxh5 Ke5
41. Nb7 Rb8 42. Bg3+ Kd4 43. Bxb8 1-0

[Event "Online Olym Div3 A 2020"]
[Site "chess.com INT"]
[Date "2020.07.07"]
[Round "2.4"]
[Board "4"]
[White "Yazji, Mada"]
[Black "Hoshino, Karen"]
[Result "1/2-1/2"]
[BlackTitle "WFM"]
[WhiteElo "1704"]
[BlackElo "1836"]
[WhiteTeam "Syria"]
[BlackTeam "Japan"]
[WhiteFideId "7602065"]
[BlackFideId "2137984"]
[EventDate "2020.07.07"]
[EventType "team"]

1. e4 c5 2. Nf3 d6 3. Bb5+ Nd7 4. O-O a6 5. Bxd7+ Bxd7 6. c3 e5 7. d4 Qc7 8. h3
Nf6 9. Re1 Be7 10. Nbd2 O-O 11. Nf1 cxd4 12. cxd4 Rac8 13. dxe5 dxe5 14. Bd2 Bc6
15. Ng3 Rfd8 16. Qc1 Re8 17. Bc3 Nd7 18. a4 Bf8 19. a5 f6 20. Nh4 Nc5 21. Qd1
Red8 22. Qg4 Bd7 23. Qf3 Be6 24. Rad1 Na4 25. Rxd8 Rxd8 26. Ra1 Nxc3 27. bxc3
Qc4 28. Nhf5 Rd3 29. Ne3 Qxc3 30. Rb1 Qc6 31. Rb6 Qd7 32. Qe2 Bc5 33. Rxb7 Qxb7
34. Qxd3 Bd4 35. Ne2 Bxe3 36. Qxe3 Bc4 37. Ng3 Qb1+ 38. Kh2 Qb5 39. Qb6 h6 40.
Nf5 Qd7 1/2-1/2

[Event "Online Olym Div3 A 2020"]
[Site "chess.com INT"]
[Date "2020.07.07"]
[Round "2.4"]
[Board "5"]
[White "Nakahara, Kan"]
[Black "Koniahli, Malek."]
[Result "0-1"]
[WhiteTitle "CM"]
[BlackTitle "FM"]
[WhiteElo "2095"]
[BlackElo "2261"]
[WhiteTeam "Japan"]
[BlackTeam "Syria"]
[WhiteFideId "7002556"]
[BlackFideId "7603495"]
[EventDate "2020.07.07"]
[EventType "team"]

1. e4 c6 2. d4 d5 3. Nc3 dxe4 4. Nxe4 Bf5 5. Ng3 Bg6 6. h4 h6 7. Nf3 Nd7 8. h5
Bh7 9. Bd3 Bxd3 10. Qxd3 Ngf6 11. Bf4 e6 12. O-O-O Be7 13. Kb1 O-O 14. Ne4 Nxe4
15. Qxe4 Nf6 16. Qe2 Qd5 17. Rdg1 c5 18. g4 Qe4 19. Qxe4 Nxe4 20. Be3 f5 21.
gxf5 Rxf5 22. Bxh6 Bf6 23. Nh4 Rxh5 24. Bxg7 Bxg7 25. Rg2 Nd2+ 26. Kc1 Nf3 27.
Rg4 Rxh4 28. Rhxh4 Nxh4 29. Rxh4 cxd4 30. Kd2 Kf7 31. Kd3 Rh8 32. Rf4+ Ke7 33.
Rg4 Bf6 34. Kc4 Rh5 35. a4 Rh2 36. Rf4 Rh5 37. Re4 Rf5 38. f4 Kd6 39. b4 a6 40.
a5 Rh5 41. Re2 Rh3 42. b5 Rc3+ 43. Kb4 Kd5 44. bxa6 bxa6 45. Ka4 Rf3 0-1

[Event "Online Olym Div3 A 2020"]
[Site "chess.com INT"]
[Date "2020.07.07"]
[Round "2.4"]
[Board "6"]
[White "Khalil, Manar"]
[Black "Hoshino, Meilin"]
[Result "1-0"]
[BlackTitle "WCM"]
[WhiteElo "1793"]
[BlackElo "1591"]
[WhiteTeam "Syria"]
[BlackTeam "Japan"]
[WhiteFideId "7604661"]
[BlackFideId "7001690"]
[EventDate "2020.07.07"]
[EventType "team"]

1. e4 c5 2. Nf3 g6 3. d4 cxd4 4. Nxd4 Nc6 5. Nxc6 bxc6 6. Bc4 Bg7 7. Qf3 e6 8.
O-O Ne7 9. Nc3 O-O 10. Bg5 Re8 11. Rfe1 Qc7 12. Bf6 d5 13. exd5 cxd5 14. Bxd5
Nxd5 15. Nxd5 Qb7 16. Bxg7 Kxg7 17. Qc3+ e5 18. Nc7 Bf5 19. Nxa8 Qxa8 20. Rxe5
Rxe5 21. Qxe5+ Kg8 22. Re1 Bxc2 23. Qe8+ Qxe8 24. Rxe8+ Kg7 25. Ra8 Bb1 26. a4
Bc2 27. Rxa7 Kf6 28. b4 Bb3 29. b5 Ke6 30. a5 Kd6 31. b6 Bd5 32. Rc7 h5 33. f3
g5 34. a6 h4 35. Rc3 Bc6 36. Rd3+ Kc5 37. b7 Bxb7 38. axb7 1-0

[Event "Online Olym Div3 A 2020"]
[Site "chess.com INT"]
[Date "2020.07.07"]
[Round "2.5"]
[Board "1"]
[White "Goh, Wei Ming Kevin"]
[Black "Jessel, Stephen"]
[Result "0-1"]
[WhiteTitle "GM"]
[BlackTitle "FM"]
[WhiteElo "2501"]
[BlackElo "2297"]
[WhiteTeam "Singapore"]
[BlackTeam "Ireland"]
[WhiteFideId "5800706"]
[BlackFideId "628859"]
[EventDate "2020.07.07"]
[EventType "team"]

1. e4 c5 2. Nc3 e6 3. f4 a6 4. g3 d5 5. d3 Nc6 6. Bg2 Nge7 7. Nh3 g6 8. O-O Bg7
9. e5 O-O 10. Ne2 Nf5 11. c3 b6 12. Nf2 Ra7 13. d4 a5 14. Qd2 Ba6 15. Rd1 Bxe2
16. Qxe2 cxd4 17. g4 Ne3 18. Bxe3 dxe3 19. Qxe3 Qc7 20. h4 a4 21. Bf1 Na5 22. g5
Rc8 23. Ng4 a3 24. b4 Nc4 25. Qd4 Nd6 26. Bd3 Nf5 27. Qf2 Qxc3 28. Rac1 Qxc1 29.
Rxc1 Rxc1+ 30. Kg2 Rb7 31. Bxf5 gxf5 32. Nf6+ Kh8 33. Qe2 Bxf6 34. exf6 Rbc7 35.
Qb5 R1c2+ 36. Kf1 Rc8 37. Qa6 d4 38. Ke1 d3 39. Kd1 d2 40. Qxa3 R2c3 41. Qb2 Rd3 0-1

[Event "Online Olym Div3 A 2020"]
[Site "chess.com INT"]
[Date "2020.07.07"]
[Round "2.5"]
[Board "2"]
[White "Venkatesan, Kavin"]
[Black "Tin, Jingyao"]
[Result "0-1"]
[BlackTitle "IM"]
[WhiteElo "1946"]
[BlackElo "2464"]
[WhiteTeam "Ireland"]
[BlackTeam "Singapore"]
[WhiteFideId "2512602"]
[BlackFideId "5804418"]
[EventDate "2020.07.07"]
[EventType "team"]

1. d4 Nf6 2. c4 e6 3. Nc3 Bb4 4. a3 Bxc3+ 5. bxc3 d5 6. cxd5 exd5 7. Bg5 h6 8.
Bh4 c5 9. dxc5 Nc6 10. e3 g5 11. Bg3 Ne4 12. Qc2 Qf6 13. Ne2 Bf5 14. Qb2 Nxc5
15. Nd4 O-O 16. Nxf5 Qxf5 17. Bd6 Na4 18. Qb3 Rfd8 19. Bb4 a5 20. Be7 Nxe7 21.
Qxa4 Rdc8 22. Rc1 Qe4 23. Qxe4 dxe4 24. Bb5 Rc5 25. c4 Nf5 26. O-O Nd6 27. Rb1
Rac8 28. h3 R8c7 29. Rfc1 Nxb5 30. Rd1 Nxa3 31. Rb6 Kg7 32. Rdd6 Nxc4 0-1

[Event "Online Olym Div3 A 2020"]
[Site "chess.com INT"]
[Date "2020.07.07"]
[Round "2.5"]
[Board "3"]
[White "Gong, Qianyun"]
[Black "Kanyamarala, Trisha"]
[Result "1/2-1/2"]
[WhiteTitle "WGM"]
[BlackTitle "WIM"]
[WhiteElo "2333"]
[BlackElo "2193"]
[WhiteTeam "Singapore"]
[BlackTeam "Ireland"]
[WhiteFideId "8602425"]
[BlackFideId "45004722"]
[EventDate "2020.07.07"]
[EventType "team"]

1. e4 c5 2. Nc3 Nc6 3. Bb5 Nd4 4. Nf3 a6 5. Bd3 Nc6 6. O-O g6 7. e5 Bg7 8. Re1
Nh6 9. Be4 O-O 10. d3 d6 11. Bxc6 bxc6 12. exd6 exd6 13. Bg5 f6 14. Bf4 d5 15.
d4 c4 16. Na4 Nf5 17. h3 Nd6 18. Nc5 Ra7 19. Qd2 Bf5 20. Nh4 Bc8 21. Nf3 Bf5 22.
Ne6 Bxe6 23. Rxe6 Ne4 24. Qb4 Qd7 25. Rxe4 dxe4 26. Qxc4+ Qd5 27. Nd2 Qxc4 28.
Nxc4 Rd8 29. c3 g5 30. Bh2 Bf8 31. Na5 Rc8 32. b4 Re7 33. Re1 f5 34. Nc4 Re6 35.
f3 Rce8 36. Be5 exf3 37. gxf3 Bg7 38. Kf2 Bxe5 39. Nxe5 h6 40. f4 Kh7 41. Kf3
Ra8 42. Rg1 a5 43. a3 axb4 44. axb4 Ra3 45. fxg5 Rxc3+ 46. Kf4 Rxh3 47. Kxf5 Rd6
48. g6+ Kg7 49. Rg4 h5 50. Re4 Rg3 51. Rh4 Rf6+ 52. Ke4 Rg5 53. Rh2 Re6 54. Kf4
Rgxg6 55. Rxh5 Rg1 56. Ke4 Re1+ 57. Kd3 Rd6 58. Nf3 Rd1+ 59. Kc3 Rc1+ 60. Kb2
Rf1 61. Rh3 Rf6 62. Rg3+ Kf8 63. Ne5 R1f2+ 64. Kb3 Ke7 65. Rg7+ Ke6 66. Nxc6
R6f3+ 67. Ka4 Kd5 68. Ne5 Rc3 69. Rd7+ Ke6 70. Rd8 Ra2+ 71. Kb5 Ra7 72. Kb6 Ra4
73. b5 Rb3 74. Nc6 Ra1 75. d5+ Kf6 76. d6 Rab1 77. Na7 Rd1 78. Kc6 Rc3+ 79. Kb7
Ke6 80. Nc8 Rd5 81. b6 Rb3 82. Re8+ Kd7 83. Re7+ Kd8 84. Rc7 Rxd6 85. Nxd6 Rxb6+
86. Kxb6 1/2-1/2

[Event "Online Olym Div3 A 2020"]
[Site "chess.com INT"]
[Date "2020.07.07"]
[Round "2.5"]
[Board "4"]
[White "O'Gorman, Alice"]
[Black "Liu, Yang Hazel"]
[Result "1/2-1/2"]
[BlackTitle "WFM"]
[WhiteElo "1904"]
[BlackElo "2046"]
[WhiteTeam "Ireland"]
[BlackTeam "Singapore"]
[WhiteFideId "2508214"]
[BlackFideId "5800919"]
[EventDate "2020.07.07"]
[EventType "team"]

1. e4 c5 2. Nf3 Nc6 3. d4 cxd4 4. Nxd4 Nf6 5. Nc3 e5 6. Ndb5 d6 7. Bg5 a6 8. Na3
b5 9. Nd5 Be7 10. Bxf6 Bxf6 11. c4 bxc4 12. Bxc4 O-O 13. O-O Bg5 14. Bb3 Be6 15.
Nc4 Nd4 16. Nde3 Qb8 17. Qd3 Bxe3 18. fxe3 Nxb3 19. axb3 Rd8 20. Rfd1 Bxc4 21.
Qxc4 Qb6 22. Rd3 g6 23. Kf2 a5 24. Rad1 Rac8 25. Qa4 Rc2+ 26. R1d2 Rxd2+ 27.
Rxd2 Rb8 28. Qa3 Qb4 29. Qxb4 Rxb4 30. Rxd6 Rxb3 31. Rd2 Kg7 32. Kf3 Kf6 33.
Rd6+ Kg7 34. Rd5 a4 35. Ra5 Rb4 36. h4 h6 37. g4 Rxb2 38. Rxa4 h5 39. g5 Rh2 40.
Kg3 Re2 41. Kf3 Rh2 42. Kg3 Re2 43. Kf3 1/2-1/2

[Event "Online Olym Div3 A 2020"]
[Site "chess.com INT"]
[Date "2020.07.07"]
[Round "2.5"]
[Board "5"]
[White "Lee, Qing Aun"]
[Black "Kanyamarala, Tarun"]
[Result "0-1"]
[WhiteTitle "FM"]
[BlackTitle "FM"]
[WhiteElo "2262"]
[BlackElo "2381"]
[WhiteTeam "Singapore"]
[BlackTeam "Ireland"]
[WhiteFideId "5804167"]
[BlackFideId "45004714"]
[EventDate "2020.07.07"]
[EventType "team"]

1. e4 c6 2. d4 d5 3. exd5 cxd5 4. c4 Nf6 5. Nc3 Nc6 6. Nf3 Be6 7. Bg5 Ne4 8.
cxd5 Bxd5 9. Bf4 e6 10. Be2 Bb4 11. Rc1 Qa5 12. Bd2 Nxd2 13. Qxd2 Rd8 14. a3
Bxc3 15. bxc3 Qxa3 16. O-O O-O 17. Qe3 Qd6 18. Rfe1 Rfe8 19. Ne5 Nxe5 20. dxe5
Qb8 21. Bb5 Re7 22. Qg5 Qc7 23. Re3 h6 24. Qh4 Bc6 25. Bd3 Red7 26. Bc2 Rd2 27.
h3 Qb6 28. Rb1 Qc5 29. Rf1 R8d5 30. Rg3 Rxc2 31. Qxh6 Qf8 32. Qg5 Re2 33. f4
Rdd2 0-1

[Event "Online Olym Div3 A 2020"]
[Site "chess.com INT"]
[Date "2020.07.07"]
[Round "2.5"]
[Board "6"]
[White "Mirza, Diana"]
[Black "Mak, Xiu Ning Charlene"]
[Result "0-1"]
[WhiteTitle "WFM"]
[WhiteElo "1939"]
[BlackElo "1667"]
[WhiteTeam "Ireland"]
[BlackTeam "Singapore"]
[WhiteFideId "2503999"]
[BlackFideId "5820332"]
[EventDate "2020.07.07"]
[EventType "team"]

1. d4 Nf6 2. Nf3 g6 3. Nbd2 d5 4. e3 Bg7 5. b4 O-O 6. c4 c6 7. a4 Bf5 8. Nh4 Bg4
9. Qb3 Nbd7 10. h3 Be6 11. c5 a6 12. Bd3 Ne8 13. Bb2 Nc7 14. O-O f6 15. b5 Bf7
16. b6 Ne8 17. Qc2 e5 18. dxe5 fxe5 19. Nxg6 hxg6 20. Bxg6 Bxg6 21. Qxg6 Qf6 22.
Qg3 Qh6 23. Rac1 Rf5 24. Nf3 Kh8 25. h4 Bf6 26. Qh3 Ng7 27. g4 Rxf3 28. Qxf3
Qxh4 29. Kg2 Kg8 30. Rh1 Qg5 31. Qh3 Kf7 32. Qh6 Qxg4+ 33. Kf1 Qg6 34. Qxg6+
Kxg6 35. Ke2 Kf7 36. Rh7 Ke6 37. Rg1 Rg8 38. Ba3 Nf8 39. Rh6 Nd7 40. Rhg6 Nf8
41. R6g4 Nd7 42. f4 exf4 43. exf4 Kf7 44. Kd3 Rh8 45. R1g3 Rh1 46. Ke2 Rh2+ 47.
Kf1 Rc2 48. Rg2 Rc4 49. f5 Rxg4 50. Rxg4 Nxf5 51. Rf4 Ne3+ 52. Ke2 Nc4 53. Bb4
Ke6 54. Kd3 Nb2+ 55. Kc2 Nxa4 56. Kb3 Nb2 57. Rxf6+ Kxf6 58. Kxb2 Ke5 59. Kc3
Ke4 60. Ba3 d4+ 61. Kd2 Ne5 62. Ke2 Nc4 63. Bc1 a5 64. Kd1 a4 65. Kc2 a3 66. Kb3
Kd5 67. Bg5 d3 0-1

[Event "Online Olym Div3 A 2020"]
[Site "chess.com INT"]
[Date "2020.07.07"]
[Round "3.1"]
[Board "1"]
[White "Jessel, Stephen"]
[Black "Villegas, Pierre"]
[Result "1-0"]
[WhiteTitle "FM"]
[BlackTitle "IM"]
[WhiteElo "2297"]
[BlackElo "2364"]
[WhiteTeam "Ireland"]
[BlackTeam "Monaco"]
[WhiteFideId "628859"]
[BlackFideId "654183"]
[EventDate "2020.07.07"]
[EventType "team"]

1. Nf3 d5 2. c4 e6 3. g3 Nf6 4. Bg2 Be7 5. O-O O-O 6. b3 c5 7. e3 Nc6 8. Bb2 b6
9. Nc3 dxc4 10. bxc4 Bb7 11. Qe2 a6 12. Rab1 Rb8 13. Ne1 Qc7 14. f4 Rfd8 15. d3
Na5 16. a4 Bxg2 17. Nxg2 Rd7 18. f5 Rbd8 19. Rbd1 Bd6 20. fxe6 fxe6 21. Rxf6
gxf6 22. Ne4 Be5 23. Nxf6+ Kh8 24. Nxd7 Rxd7 25. Rf1 Rd8 26. Qh5 Bxb2 27. Rf7
Qxf7 28. Qxf7 Nc6 29. Nf4 1-0

[Event "Online Olym Div3 A 2020"]
[Site "chess.com INT"]
[Date "2020.07.07"]
[Round "3.1"]
[Board "2"]
[White "Efimov, Igor"]
[Black "Venkatesan, Kavin"]
[Result "1-0"]
[WhiteTitle "GM"]
[WhiteElo "2409"]
[BlackElo "1946"]
[WhiteTeam "Monaco"]
[BlackTeam "Ireland"]
[WhiteFideId "806404"]
[BlackFideId "2512602"]
[EventDate "2020.07.07"]
[EventType "team"]

1. d4 Nf6 2. Bg5 Ne4 3. Bf4 d5 4. e3 e6 5. Bd3 Nf6 6. Nf3 Bd6 7. Bg3 Qe7 8. a3
Nbd7 9. Ne5 O-O 10. O-O c5 11. c3 h6 12. Nd2 c4 13. Bc2 Bxe5 14. dxe5 Ne8 15. e4
b5 16. exd5 exd5 17. Re1 Bb7 18. Nf3 Nc5 19. Nd4 Qd7 20. Nf5 Ne6 21. Qg4 h5 22.
Qxh5 g6 23. Qg4 N8g7 24. Nxg7 Kxg7 25. Bh4 d4 26. Bf6+ Kg8 27. Qh3 1-0

[Event "Online Olym Div3 A 2020"]
[Site "chess.com INT"]
[Date "2020.07.07"]
[Round "3.1"]
[Board "3"]
[White "Kanyamarala, Trisha"]
[Black "Dornbusch, Tatiana"]
[Result "0-1"]
[WhiteTitle "WIM"]
[BlackTitle "WGM"]
[WhiteElo "2193"]
[BlackElo "2268"]
[WhiteTeam "Ireland"]
[BlackTeam "Monaco"]
[WhiteFideId "45004722"]
[BlackFideId "14107449"]
[EventDate "2020.07.07"]
[EventType "team"]

1. c4 Nf6 2. Nc3 e5 3. Nf3 Nc6 4. g3 g6 5. d4 exd4 6. Nd5 Bg7 7. Bg5 h6 8. Bf4
d6 9. Bg2 O-O 10. O-O g5 11. Bc1 Re8 12. Re1 Be6 13. Nd2 Bf5 14. a3 a5 15. Nb3
Be4 16. Nxf6+ Qxf6 17. Bxe4 Rxe4 18. Qd3 Rae8 19. Nd2 R4e7 20. Nf3 Ne5 21. Nxe5
dxe5 22. Qe4 c6 23. b4 Qe6 24. bxa5 f5 25. Qc2 e4 26. Ra2 f4 27. a4 Qh3 28. gxf4
d3 29. Qb3 Bd4 30. c5+ Kh7 31. exd3 exd3 32. Be3 gxf4 33. Qxd3+ Kg8 34. Qc4+ Kf8
35. Qxd4 Rg7+ 36. Qxg7+ Kxg7 37. Bd4+ Kf7 38. Rxe8 f3 39. Rg8 Kxg8 0-1

[Event "Online Olym Div3 A 2020"]
[Site "chess.com INT"]
[Date "2020.07.07"]
[Round "3.1"]
[Board "4"]
[White "Dubois, Martine"]
[Black "O'Gorman, Alice"]
[Result "1-0"]
[WhiteTitle "WIM"]
[WhiteElo "1802"]
[BlackElo "1904"]
[WhiteTeam "Monaco"]
[BlackTeam "Ireland"]
[WhiteFideId "601926"]
[BlackFideId "2508214"]
[EventDate "2020.07.07"]
[EventType "team"]

1. e4 e5 2. Nf3 Nf6 3. Nc3 Nc6 4. g3 Bc5 5. Bg2 O-O 6. O-O d5 7. exd5 Nxd5 8.
Nxe5 Nxc3 9. Nxc6 Nxd1 10. Nxd8 Nxf2 11. Bxb7 Rxd8 12. Bxa8 Ba6 13. Rxf2 Bxf2+
14. Kxf2 Rxa8 15. d4 Kf8 16. Bf4 Re8 17. Re1 Rd8 18. c3 c6 19. Re5 Bb5 20. b3
Bd3 21. Rc5 Rc8 22. d5 Be4 23. d6 Ke8 24. Ra5 Ra8 25. Re5+ Kf8 26. Rxe4 1-0

[Event "Online Olym Div3 A 2020"]
[Site "chess.com INT"]
[Date "2020.07.07"]
[Round "3.1"]
[Board "5"]
[White "Kanyamarala, Tarun"]
[Black "Cuttoli, Alexandre"]
[Result "1-0"]
[WhiteTitle "FM"]
[WhiteElo "2381"]
[BlackElo "2044"]
[WhiteTeam "Ireland"]
[BlackTeam "Monaco"]
[WhiteFideId "45004714"]
[BlackFideId "36007293"]
[EventDate "2020.07.07"]
[EventType "team"]

1. c4 Nf6 2. Nf3 g6 3. g3 Bg7 4. b3 O-O 5. Bb2 d6 6. d4 c5 7. Bg2 Nbd7 8. O-O
Rb8 9. dxc5 Nxc5 10. Nd4 a6 11. Nc3 Ne6 12. Nc2 b5 13. cxb5 axb5 14. Nb4 Bd7 15.
Qd2 Qa5 16. a3 Rfc8 17. Rfc1 Nc5 18. Qd1 Nfe4 19. Nbd5 Nxc3 20. Bxc3 Bxc3 21.
Rxc3 Qd8 22. Rac1 e6 23. Nb4 Qe7 24. h4 h5 25. R1c2 Be8 26. Qd4 Bd7 27. Rd2 d5
28. Bxd5 exd5 29. Nxd5 Qf8 30. Nf6+ 1-0

[Event "Online Olym Div3 A 2020"]
[Site "chess.com INT"]
[Date "2020.07.07"]
[Round "3.1"]
[Board "6"]
[White "Lomandong, Noela-Joyce"]
[Black "Mirza, Diana"]
[Result "1-0"]
[WhiteTitle "WFM"]
[BlackTitle "WFM"]
[WhiteElo "1946"]
[BlackElo "1939"]
[WhiteTeam "Monaco"]
[BlackTeam "Ireland"]
[WhiteFideId "5400384"]
[BlackFideId "2503999"]
[EventDate "2020.07.07"]
[EventType "team"]

1. g3 Nf6 2. Bg2 g6 3. b3 Bg7 4. Bb2 O-O 5. d3 d6 6. Nd2 Nbd7 7. e4 e5 8. Ne2
Nh5 9. O-O f5 10. exf5 gxf5 11. f4 Qe7 12. Nc3 c6 13. Qxh5 Nf6 14. Qe2 Kh8 15.
Rae1 Nd7 16. Nd1 Qf7 17. Nc4 Qg6 18. fxe5 dxe5 19. Nxe5 Qd6 20. d4 Nb6 21. c4
Qh6 22. d5 cxd5 23. Nf7+ Rxf7 24. Qe8+ 1-0